Cartas filológicas

Saved in:
Bibliographic Details
Main Author: Cascales, Francisco de (Author)
Format: Book
Language:Spanish
Published: Madrid Espasa Calpe 1951
Series:Clásicos castellanos, 103-117-118
Subjects:
Tags: Add Tag
No Tags, Be the first to tag this record!

MARC

LEADER 00000nam a2200000 a 4500
001 UCX4742
003 CL-VaPUC
008 920723e19510000SP |||||||||||||||||spa|d
082 0 4 |a 866  |b CAS  |2 21 
100 0 |a Cascales, Francisco de  |e author  |9 321031 
245 1 0 |a Cartas filológicas 
300 |a 3 v 
942 |c BK 
945 |d 19920723 00:00:00 
260 |a Madrid  |b Espasa Calpe  |c 1951 
600 0 7 |a CASCALES, FRANCISCO DE  |2 CL-VaPUC  |9 321032 
650 7 |a CORRESPONDENCIAS  |2 CL-VaPUC  |9 256500 
583 |a last modification  |c 19920723 00:00:00  |k Rodrigo Vera 
490 0 |a Clásicos castellanos, 103-117-118 
999 |c 225143  |d 225141 
952 |0 0  |1 0  |4 0  |6 866_000000000000000_CAS_1951  |7 0  |8 A  |9 222401  |a FDOPOS  |b FDOPOS  |d 2019-11-15  |h v.1  |i 2912341  |o 866 CAS 1951  |p 2912341  |r 2023-08-09  |w 2019-11-15  |y BK  |k MLH 
952 |0 0  |1 0  |4 0  |6 866_000000000000000_CAS_1951  |7 0  |8 A  |9 222402  |a FDOPOS  |b FDOPOS  |d 2019-11-15  |h v.2  |i 291235K  |o 866 CAS 1951  |p 291235K  |r 2023-08-09  |w 2019-11-15  |y BK  |k MLH 
952 |0 0  |1 0  |4 0  |6 866_000000000000000_CAS_1951  |7 0  |8 A  |9 222403  |a FDOPOS  |b FDOPOS  |d 2019-11-15  |h v.3  |i 2912368  |o 866 CAS 1951  |p 2912368  |r 2023-08-09  |w 2019-11-15  |y BK  |k MLH